00934nam a22001697a 450000500170000000800410001702000180005805000170007610000380009324500660013125000170019726000400021430000180025450504390027265000270071165000260073820231102152040.0171005s2010 mx a|||| |||| 00| 0 spa d a9786077070290 aQA76.95bB37 aBarreras Alconchel, Migueleautor aMatemáticasbcon Microsoft ExcelcMiguel Barreras Alconchel a2a edición aMéxicob: Alfaomega Ra-mac, 2010 a321 páginas aHerramientas Básicas Simulación de movimiento Visual basic.Macros Resolución de ecuaciones Resolución de sistemas Álgebra matricial Familia de funciones Cálculo diferencial Definición de funciones Optimización.Solver Cálculo integral Simetrías Probsbilidad Geometrí Estadística Ecuaciones diferencales Teoría de números Tres dimenciones Ecuaciones paramétricas Otras utilidades Investigación con Excel 0aPROCESAMIENTO DE DATOS 0aPROBLEMAS, EJERCICIOS